000 00519nam a22002057a 4500
003 OSt
008 251127b |||||||| |||| 00| 0 eng d
082 _a632.96
_bB14M
100 _aBaitha, Arun.
245 _aManagement of Important Insect Pests of Rice With Neem
260 _a.- Pusa, Samastipur
_b: RAU
_c, 1991
300 _a96p.
650 _aEntomology and Agricultural Zoology
650 _aRice
650 _aNeem
650 _aInsect Pests
650 _aThesis
650 _aM. Sc.
942 _2ddc
_cT
999 _c49244
_d49244